Introduction a l'histoire du Buddhisme indien / (Record no. 38595)

MARC details
000 -LEADER
campo de control de longitud fija 00406nam a2200145 i 4500
001 - NÚMERO DE CONTROL
campo de control 38595
003 - IDENTIFICADOR DE NÚMERO DE CONTROL
campo de control ES-MaACL
007 - CAMPO FIJO DE DESCRIPCIÓN FÍSICA--INFORMACIÓN GENERAL
campo de control de longitud fija t|
008 - DATOS DE LONGITUD FIJA--INFORMACIÓN GENERAL
campo de control de longitud fija 030226s1844 fr ||||1| fre d
100 1# - ENTRADA PRINCIPAL--NOMBRE DE PERSONA
Nombre de persona Burnouf, Emile.
9 (RLIN) 32744
245 10 - MENCIÓN DEL TÍTULO
Título Introduction a l'histoire du Buddhisme indien /
Mención de responsabilidad, etc. par Emile Burnouf.
260 ## - PUBLICACIÓN, DISTRIBUCIÓN, ETC.
Lugar de publicación, distribución, etc. París :
Nombre del editor, distribuidor, etc. Imprimerie Royale,
Fecha de publicación, distribución, etc. 1844.
300 ## - DESCRIPCIÓN FÍSICA
Extensión 1 v. ;
Dimensiones 30 cm.
852 ## - LOCALIZACIÓN
Ubicación ES-MaACL
Número de control de estantería G-11632
Holdings
Estatus retirado Estado de pérdida Estado de daño No para préstamo Colección Biblioteca de origen Biblioteca actual Ubicación en estantería Fecha de adquisición Fuente de adquisición Total de préstamos Signatura topográfica completa Código de barras Visto por última vez Precio de reemplazo Tipo de ítem Koha
        Libros del s. XIX Biblioteca del Ateneo de Madrid Biblioteca del Ateneo de Madrid Sala Pecera Planta 3 17/01/2008     G-11632 1040634 23/02/2023 23/02/2023 Libro impreso antiguo